[Event "JAM-ch Junior"]
[Site "Kingston"]
[Date "2009.03.08"]
[Round "4"]
[White "James, Stuart"]
[Black "Rowe, Lucien"]
[Result "1/2-1/2"]
[WhiteElo "1970"]
[BlackElo "1852"]
[PlyCount "147"]
[EventDate "2009.03.07"]
[EventType "tourn"]
[EventRounds "7"]
[EventCountry "JAM"]
[SourceTitle "EXT 2024"]
[Source "ChessBase"]
[SourceDate "2023.10.10"]
[SourceVersion "1"]
[SourceVersionDate "2023.10.10"]
[SourceQuality "1"]

1. e4 c5 2. Nc3 Nc6 3. Bb5 Nd4 4. Bc4 e6 5. Nf3 Nf6 6. 0-0 a6 7. d3 b5 8. Bb3 Nxb3 9. axb3 d5 10. exd5 Nxd5 11. Nxb5 Bb7 12. Na3 Bd6 13. Nc4 Bc7 14. Bd2 Nb4 15. Be3 Qe7 16. Na5 Bc8 17. d4 Nd5 18. Bg5 Qd6 19. Nc4 Qc6 20. Nfe5 Bxe5 21. dxe5 0-0 22. Qg4 f5 23. exf6 Nxf6 24. Bxf6 Rxf6 25. f3 e5 26. Qe4 Qxe4 27. fxe4 Rxf1+ 28. Rxf1 Bb7 29. Nxe5 Bxe4 30. c3 Bc2 31. b4 cxb4 32. cxb4 Ba4 33. Rc1 Rb8 34. Rc4 g6 35. h3 Rb7 36. Kh2 Kg7 37. Nd3 Bb5 38. Nc5 Re7 39. Rc2 Kf6 40. Rf2+ Ke5 41. Rd2 Rf7 42. Kg3 Rf1 43. Nd3+ Kd4 44. Nc5+ Kc4 45. Ne4 Kxb4 46. Ng5 h5 47. Nf3 Rc1 48. Rd6 Rc6 49. Rd2 Re6 50. Nd4 Rd6 51. Nc2+ Kc5 52. b4+ Kc6 53. Rxd6+ Kxd6 54. Kf4 Bd3 55. Ne3 Ke6 56. g4 hxg4 57. Nxg4 Bf5 58. h4 Bd3 59. Ne5 Bf5 60. Nc6 Kd6 61. Nd4 Bd3 62. Ke3 Bb1 63. Nb3 Kd5 64. Na5 Bf5 65. Kf4 Kd4 66. Nc6+ Kc4 67. h5 gxh5 68. Kxf5 a5 69. bxa5 Kb5 70. Kg5 Kxc6 71. a6 Kc7 72. a7 Kb7 73. a8Q+ Kxa8 74. Kxh5 1/2-1/2

[Event "JAM-ch Junior"]
[Site "Kingston"]
[Date "2009.03.07"]
[Round "2"]
[White "Ramsay, Zachary"]
[Black "Rowe, Lucien"]
[Result "1-0"]
[WhiteElo "1948"]
[BlackElo "1852"]
[PlyCount "63"]
[EventDate "2009.03.07"]
[EventType "tourn"]
[EventRounds "7"]
[EventCountry "JAM"]
[SourceTitle "EXT 2024"]
[Source "ChessBase"]
[SourceDate "2023.10.10"]
[SourceVersion "1"]
[SourceVersionDate "2023.10.10"]
[SourceQuality "1"]

1. d4 d5 2. c4 dxc4 3. Nf3 Nf6 4. Nc3 c5 5. e4 Bg4 6. d5 e5 7. Bxc4 Bd6 8. 0-0 0-0 9. Bg5 Nbd7 10. Be2 Qb6 11. Qc2 Bxf3 12. Bxf3 Be7 13. a4 Qd8 14. Rfd1 Ne8 15. Be3 a6 16. a5 Nd6 17. Ne2 Rc8 18. Ng3 g6 19. Bh6 Re8 20. Bg4 Bf8 21. Qc1 Bg7 22. Bg5 Qc7 23. h4 Nxe4 24. Nxe4 f5 25. d6 Qc6 26. Bf3 fxe4 27. Qc4+ Kh8 28. Bxe4 Qb5 29. Qxb5 axb5 30. Bxb7 Rcd8 31. Bxd8 Rxd8 32. a6 1-0

[Event "Kingston Futures"]
[Site "Kingston"]
[Date "2009.02.28"]
[Round "6.2"]
[White "Davy, Damion"]
[Black "Rowe, Lucien"]
[Result "1/2-1/2"]
[WhiteElo "1939"]
[BlackElo "1852"]
[PlyCount "100"]
[EventDate "2009.02.21"]
[EventType "tourn"]
[EventRounds "9"]
[EventCountry "JAM"]
[SourceTitle "EXT 2024"]
[Source "ChessBase"]
[SourceDate "2023.10.10"]
[SourceVersion "1"]
[SourceVersionDate "2023.10.10"]
[SourceQuality "1"]

1. e4 c5 2. Nf3 d6 3. d4 cxd4 4. Nxd4 Nf6 5. Nc3 Nc6 6. Bg5 e6 7. Qd2 Bd7 8. Ndb5 Qb8 9. 0-0-0 a6 10. Nxd6+ Bxd6 11. Qxd6 Qxd6 12. Rxd6 Ke7 13. Rd2 h6 14. Be3 Rhd8 15. Bb6 Rdc8 16. f4 e5 17. Nd5+ Ke8 18. Nc7+ Rxc7 19. Bxc7 exf4 20. Bd3 g5 21. h4 Ke7 22. e5 Ng4 23. hxg5 hxg5 24. Bd6+ Ke6 25. Bc4+ Kf5 26. Bxf7 Ncxe5 27. Bxe5 Nxe5 28. Bd5 Bc6 29. Bxc6 bxc6 30. b3 Re8 31. Rh6 g4 32. c4 f3 33. gxf3 gxf3 34. Kc2 Ng4 35. Rxc6 f2 36. Rxf2+ Nxf2 37. Rxa6 Ke5 38. a4 Kd4 39. Rd6+ Kc5 40. Rd5+ Kc6 41. Rd2 Ne4 42. Rh2 Re6 43. b4 Rd6 44. Re2 Rd4 45. Kb3 Rd3+ 46. Kb2 Nc5 47. bxc5 Kxc5 48. Rc2 Kb4 49. c5 Kxa4 50. c6 Rd8 1/2-1/2

[Event "Kingston Futures"]
[Site "Kingston"]
[Date "2009.02.25"]
[Round "5.1"]
[White "Rowe, Lucien"]
[Black "Mellace, Andrew"]
[Result "0-1"]
[WhiteElo "1852"]
[BlackElo "1970"]
[PlyCount "98"]
[EventDate "2009.02.21"]
[EventType "tourn"]
[EventRounds "9"]
[EventCountry "JAM"]
[SourceTitle "EXT 2024"]
[Source "ChessBase"]
[SourceDate "2023.10.10"]
[SourceVersion "1"]
[SourceVersionDate "2023.10.10"]
[SourceQuality "1"]

1. e4 c5 2. a3 e6 3. b4 cxb4 4. axb4 Bxb4 5. Bb2 Nf6 6. e5 Nd5 7. c4 Ne7 8. Na3 0-0 9. Qh5 Ng6 10. Nf3 d5 11. exd6 Qxd6 12. Nc2 Nc6 13. 0-0-0 f6 14. d4 Qf4+ 15. Kb1 e5 16. h3 exd4 17. Bd3 Bc3 18. Nfxd4 Bxb2 19. Nxc6 bxc6 20. Kxb2 Rb8+ 21. Kc3 Qxf2 22. c5 Be6 23. Rb1 Qxg2 24. Rhg1 Qxh3 25. Qxh3 Bxh3 26. Ra1 Be6 27. Rxa7 Rb3+ 28. Kd2 Rd8 29. Rg3 Bc4 30. Ne1 Ne5 31. Rgxg7+ Kf8 32. Rxh7 Nxd3 33. Rh8+ Bg8 34. Nxd3 Rbxd3+ 35. Ke2 R3d7 36. Ra3 Rh7 37. Rxh7 Bxh7 38. Ke3 Rd3+ 39. Rxd3 Bxd3 40. Kxd3 Ke7 41. Kd4 Ke6 42. Ke4 f5+ 43. Kf4 Kd5 44. Kxf5 Kxc5 45. Ke4 Kc4 46. Ke3 Kc3 47. Ke2 c5 48. Kd1 Kb2 49. Kd2 c4 0-1

[Event "Kingston Futures"]
[Site "Kingston"]
[Date "2009.02.21"]
[Round "1.4"]
[White "Rowe, Lucien"]
[Black "James, Stuart"]
[Result "0-1"]
[WhiteElo "1852"]
[BlackElo "1970"]
[PlyCount "62"]
[EventDate "2009.02.21"]
[EventType "tourn"]
[EventRounds "9"]
[EventCountry "JAM"]
[SourceTitle "EXT 2024"]
[Source "ChessBase"]
[SourceDate "2023.10.10"]
[SourceVersion "1"]
[SourceVersionDate "2023.10.10"]
[SourceQuality "1"]

1. e4 c5 2. Nf3 d6 3. d4 cxd4 4. Nxd4 Nf6 5. Nc3 a6 6. Bg5 e6 7. Qf3 Be7 8. 0-0-0 Nbd7 9. Bc4 Ne5 10. Qe2 Nxc4 11. Qxc4 b5 12. Qb3 Qb6 13. f4 h6 14. Bxf6 Bxf6 15. Ndxb5 axb5 16. Nxb5 0-0 17. Rxd6 Qc5 18. Rhd1 Rb8 19. a4 Be7 20. R6d4 Ba6 21. c4 Rfc8 22. Kb1 Qc6 23. Qd3 Bc5 24. Rd7 Bb7 25. Re1 Bb4 26. Na7 Qxc4 27. Nxc8 Qxd3+ 28. Rxd3 Bxe1 29. Re3 Bd2 30. Re2 Bb4 31. Na7 Ra8 0-1